000 00393nam a2200169Ia 4500
005 20260531145102.0
008 260531s9999 xx 000 0 und d
041 _aEnglish
082 _a681.3.425.2 NII
100 _aNIIT
245 0 _aJava Programming
260 _bNIIT
_aNew Delhi
_c2000
300 _bPaper Back
_aIR Pages
563 _aPaper Back
650 _a Java
942 _cBK
999 _c194976
_d194976